Understanding language change / (Record no. 6258)
[ view plain ]
| 000 -LEADER | |
|---|---|
| fixed length control field | 00932pam a2200181 a 4500 |
| 020 ## - INTERNATIONAL STANDARD BOOK NUMBER | |
| ISBN | 0521441196 |
| 020 ## - INTERNATIONAL STANDARD BOOK NUMBER | |
| ISBN | 0521446651 |
| 022 ## - INTERNATIONAL STANDARD SERIAL NUMBER | |
| ISSN | 9780521446655 |
| 050 00 - CALL NUMBER | |
| Classification number | P142 |
| Item number | .M38 |
| 100 1# - AUTHOR | |
| Personal name | McMahon, April M. S. |
| 245 10 - TITLE | |
| Title | Understanding language change / |
| Statement of responsibility, etc | April M. S. McMahon. |
| 260 ## - PUBLICATION INFORMATION | |
| Place of publication | Cambridge ; |
| -- | New York, NY, USA : |
| Name of publisher | Cambridge University Press, |
| Year of publication | 1994. |
| 300 ## - DESCRIPTION | |
| Number of Pages | xi, 361 p. ; |
| Dimensions | 24 cm. |
| 500 ## - NOTES | |
| General note | Includes Index |
| 505 ## - FORMATTED CONTENTS NOTE | |
| Table of Content | 1. Introduction --<br/>2. Three views of sound change --<br/>3. Sound change 2: the implementation problem --<br/>4. Morphological change --<br/>5. Syntactic change 1: the Transparency Principle --<br/>6. Word order change and grammaticalisation: language change and general laws --<br/>7. Semantic and lexical change --<br/>8. Language contact --<br/>9. Linguistic variation --<br/>10. Pidgins and creoles --<br/>11. Language death --<br/>12. Linguistic evolution? |
| 650 #0 - SUBJECTS | |
| Topical Term | Linguistic change. |
| 942 ## - ADDED ENTRY ELEMENTS (KOHA) | |
| Koha item type | Books |
| Withdrawn status | Lost status | Collection code | Home library | Current library | Shelving location | Date acquired | Full call number | Accession Number | Koha item type |
|---|---|---|---|---|---|---|---|---|---|
| Reference | Methodist University Library Main | Methodist University Library Main | General Stacks | 17/12/1999 | P142 .M38 | 26250 | Books |